00471 2200169 4500001002100000005001500021035002000036245008500056100001700141250001700158300003200175260003200207082001000239084001700249020002200266650001300288INLIS00000000000044520240630093100 a0010-06240001541 aSanitasi Daerah Kumuh :bBuku Pengayaan Seri Sanitasi Lingkungan /cSiti Rochani0 aSiti Rochani acetakan ke-1 aiv, 67 hlm :bilus ;c21 cm aSurabaya :bJP Books,c2007 a628.7 a628.7 SIT s a978-979-348-789-2 4aSanitasi